[Event "Champ FRA - Under 12"]
[Site "Europe Echecs"]
[Date "2020.07.08"]
[Round "9"]
[White "BOUMRARAyrad"]
[Black "VuDinhAdrien"]
[Result "1-0"]
[WhiteElo "1431"]
[BlackElo "1740"]
[PlyCount "51"]
[EventDate "2020.??.??"]

1. d4 Nf6 2. c4 g6 3. Nc3 d5 4. Nf3 Bg7 5. Qb3 dxc4 6. Qxc4 c6 7. e4 Nbd7 8.
Be2 O-O 9. O-O Nb6 10. Qd3 Bg4 11. Be3 Be6 12. b3 a5 13. Rad1 Rc8 14. Ng5 Bg4
15. f3 Bd7 16. f4 h6 17. Nf3 Bg4 18. h3 Be6 19. f5 gxf5 20. exf5 Bd5 21. Qd2
Ne4 22. Nxe4 Bxe4 23. Bxh6 Bxf3 24. Qg5 Qxd4+ 25. Rxd4 Bxe2 26. Qxg7# {
VuDinhAdrien est échec et mat} 1-0

[Event "Champ FRA - Under 12"]
[Site "Europe Echecs"]
[Date "2020.07.08"]
[Round "9"]
[White "HueberMaxime"]
[Black "LeVenTelo"]
[Result "0-1"]
[WhiteElo "1420"]
[BlackElo "1720"]
[PlyCount "50"]
[EventDate "2020.??.??"]

1. e4 e5 2. Nf3 Nc6 3. d4 exd4 4. Nxd4 Bc5 5. Be3 Qf6 6. c3 Nge7 7. g3 O-O 8.
Bg2 d6 9. Nxc6 Nxc6 10. Bxc5 dxc5 11. O-O Be6 12. Na3 Rfd8 13. Qe2 Rd7 14. Qe3
c4 15. Rad1 Rad8 16. Rxd7 Rxd7 17. Re1 Rd3 18. Qc5 Rd2 19. e5 Qf5 20. Bxc6 bxc6
21. Qxa7 h6 22. f4 Bd5 23. Qxc7 Rg2+ 24. Kf1 Qd3+ 25. Re2 Qxe2# {HueberMaxime
est échec et mat} 0-1

[Event "Champ FRA - Under 12"]
[Site "Europe Echecs"]
[Date "2020.07.08"]
[Round "9"]
[White "RequenaSacha"]
[Black "GardeGuillaume"]
[Result "0-1"]
[WhiteElo "1397"]
[BlackElo "1716"]
[PlyCount "124"]
[EventDate "2020.??.??"]

1. e4 e6 2. d4 d5 3. Nc3 Nc6 4. Nf3 Nf6 5. e5 Ne4 6. Bb5 Nxc3 7. Bxc6+ bxc6 8.
bxc3 Be7 9. Rb1 Ba6 10. Ng1 O-O 11. Ne2 f6 12. exf6 Rxf6 13. Bg5 Rf7 14. Bxe7
Qxe7 15. O-O Raf8 16. f4 Bxe2 17. Qxe2 Rxf4 18. Rxf4 Rxf4 19. Re1 Re4 20. Qd2
Rxe1+ 21. Qxe1 Qf6 22. Qe2 Qh6 23. Kf2 Qf4+ 24. Kg1 Kf7 25. Qh5+ Kf6 26. Qxh7
Qe3+ 27. Kf1 Qxc3 28. Qh4+ Kf7 29. Qh5+ Ke7 30. Qg5+ Ke8 31. Qg6+ Kd8 32. Qxg7
Qxc2 33. Qf8+ Kd7 34. Qf7+ Kc8 35. Qxe6+ Kb7 36. Qe2 Qc1+ 37. Qe1 Qc4+ 38. Kf2
Qxd4+ 39. Qe3 Qf6+ 40. Ke2 Qb2+ 41. Qd2 Qe5+ 42. Qe3 Qxh2 43. Qb3+ Kc8 44. Qf3
Qe5+ 45. Kf2 Qb2+ 46. Kg3 Qxa2 47. Qf8+ Kb7 48. Qb4+ Ka6 49. Qc5 Qc4 50. Qa3+
Kb7 51. Qb2+ Kc8 52. Qh8+ Kb7 53. Qb2+ Qb5 54. Qc3 c5 55. Qe5 Qd3+ 56. Kh2 Qd4
57. Qe8 Qh4+ 58. Kg1 Qb4 59. g3 c4 60. Qe5 Qc5+ 61. Kh2 c3 62. g4 Qd6 {
RequenaSacha a abandonné} 0-1

[Event "Champ FRA - Under 12"]
[Site "Europe Echecs"]
[Date "2020.07.08"]
[Round "9"]
[White "LambertHoareau"]
[Black "NoerdingerLeo"]
[Result "0-1"]
[WhiteElo "1348"]
[BlackElo "1605"]
[PlyCount "122"]
[EventDate "2020.??.??"]

1. e4 e6 2. d4 d5 3. exd5 exd5 4. c4 c6 5. Nc3 Bb4 6. Nf3 Bg4 7. cxd5 cxd5 8.
Qa4+ Nc6 9. Ne5 Bxc3+ 10. bxc3 Bd7 11. Bb5 Rc8 12. O-O Nf6 13. Ba3 Nxe5 14.
Bxd7+ Qxd7 15. Qxd7+ Nexd7 16. Rae1+ Kd8 17. Be7+ Kc7 18. c4 Rhe8 19. Bb4 Rxe1
20. Rxe1 dxc4 21. Rc1 Nb6 22. a4 Kb8 23. a5 Nbd5 24. Bd6+ Ka8 25. g3 Rc6 26.
Bc5 b6 27. axb6 axb6 28. Ra1+ Kb7 29. Bf8 c3 30. Bxg7 c2 31. Bh6 Nb4 32. d5 Rc5
33. d6 Nd3 34. d7 Nxd7 35. f3 c1=Q+ 36. Bxc1 Rxc1+ 37. Rxc1 Nxc1 38. Kf2 b5 39.
f4 b4 40. f5 b3 41. Ke3 b2 42. f6 b1=Q 43. g4 Qd3+ 44. Kf4 Ne2+ 45. Kg5 Qg6+
46. Kh4 Ne5 47. g5 Qe4+ 48. Kh5 Ng6 49. Kh6 Qh4+ 50. Kg7 Qxg5 51. h4 Qg4 52. h5
Qxh5 53. Kg8 Qb5 54. Kg7 Qa4 55. Kh6 Ngf4 56. Kg5 Kc6 57. Kh6 Kd6 58. Kg5 Ke6
59. Kh6 Qe8 60. Kg5 Qg8+ 61. Kh4 Qg3# {LambertHoareau est échec et mat} 0-1

[Event "Champ FRA - Under 12"]
[Site "Europe Echecs"]
[Date "2020.07.08"]
[Round "9"]
[White "PierrotYohann"]
[Black "DromardBenjami"]
[Result "1-0"]
[WhiteElo "1519"]
[BlackElo "1250"]
[PlyCount "73"]
[EventDate "2020.??.??"]

1. e4 e5 2. Bc4 Bc5 3. d3 Nf6 4. Bg5 O-O 5. Nc3 d6 6. Nd5 Nbd7 7. Qf3 c6 8.
Nxf6+ Nxf6 9. h4 a5 10. h5 h6 11. Bxf6 Qxf6 12. Qxf6 gxf6 13. Ne2 b5 14. d4
exd4 15. Bd3 Bg4 16. f3 Be6 17. a3 d5 18. Nf4 dxe4 19. Bxe4 Rfe8 20. Bxc6 Bd7+
21. Be4 f5 22. Nd5 Red8 23. Nf6+ Kg7 24. Nxd7 Rxd7 25. Bxa8 Re7+ 26. Kd2 f4 27.
Rae1 Ra7 28. Bc6 b4 29. Re5 Bd6 30. Rd5 Bf8 31. Rxd4 bxa3 32. bxa3 Bxa3 33.
Rxf4 Bb4+ 34. c3 Bd6 35. Rg4+ Kf8 36. Re1 a4 37. Re8# {DromardBenjami est
échec et mat} 1-0

[Event "Champ FRA - Under 12"]
[Site "Europe Echecs"]
[Date "2020.07.08"]
[Round "9"]
[White "TranKyLan"]
[Black "DaoAntoine"]
[Result "1-0"]
[WhiteElo "1467"]
[BlackElo "1330"]
[PlyCount "107"]
[EventDate "2020.??.??"]

1. d4 d5 2. c4 c6 3. cxd5 cxd5 4. g3 Nf6 5. Bg2 Bf5 6. Nc3 e6 7. Qb3 Qc7 8. Bf4
Qc6 9. Qb5 a6 10. Qxc6+ Nxc6 11. Nf3 Nb4 12. Kd2 Ne4+ 13. Nxe4 Bxe4 14. Rhc1
Be7 15. a3 Nc6 16. Bh3 Bxf3 17. exf3 Nxd4 18. Rc3 Kd7 19. Be5 Nc6 20. Bxg7 Rhg8
21. Bh6 Rac8 22. Rd3 Ne5 23. Rxd5+ Bd6 24. Ke2 f5 25. Rd4 Rc2+ 26. Rd2 Rxd2+
27. Bxd2 Rc8 28. Bc3 Nc4 29. Rd1 Nxa3 30. Rxd6+ Kxd6 31. Bb4+ Kd5 32. bxa3 Rc2+
33. Ke3 b6 34. f4 h5 35. Bg2+ Kc4 36. Bf1+ Kd5 37. Bxa6 Ra2 38. Bb7+ Kc4 39.
Bc8 Kd5 40. Bd7 Rb2 41. Be8 Rb3+ 42. Ke2 Rb2+ 43. Kf1 Rb1+ 44. Kg2 Rb2 45. Bxh5
Rc2 46. Bf3+ Kd4 47. h4 Rc8 48. h5 Rh8 49. Bd6 Rh6 50. Be5+ Kc5 51. Kf1 Kb5 52.
Ke2 Ka4 53. Bd6 b5 54. Kd3 {DaoAntoine a perdu au temps} 1-0

[Event "Champ FRA - Under 12"]
[Site "Europe Echecs"]
[Date "2020.07.08"]
[Round "9"]
[White "BiardNoah"]
[Black "BreuilVirgile"]
[Result "0-1"]
[WhiteElo "1339"]
[BlackElo "1622"]
[PlyCount "44"]
[EventDate "2020.??.??"]

1. e4 e5 2. Nc3 Nc6 3. Bc4 Be7 4. Qg4 d5 5. Qxg7 Bf6 6. Qg3 dxc4 7. Nd5 Be6 8.
Nxf6+ Nxf6 9. Qg7 Rg8 10. Qh6 Nd4 11. Kd1 Rxg2 12. Ne2 Bg4 13. c3 Bxe2+ 14. Ke1
Nc2+ 15. Kxe2 Qd3+ 16. Kd1 Nxa1 17. Qxf6 Rg6 18. Qxe5+ Kf8 19. Qh8+ Ke7 20.
Qxa8 Qf3+ 21. Ke1 Nc2+ 22. Kf1 Qd1# {BiardNoah est échec et mat} 0-1

[Event "Champ FRA - Under 12"]
[Site "Europe Echecs"]
[Date "2020.07.08"]
[Round "9"]
[White "LorhoJade"]
[Black "TallecHadrien"]
[Result "0-1"]
[WhiteElo "1335"]
[BlackElo "1587"]
[PlyCount "90"]
[EventDate "2020.??.??"]

1. e4 e5 2. Nf3 Nc6 3. Bc4 Bc5 4. d3 d6 5. Nc3 Bg4 6. h3 Bh5 7. g4 Bg6 8. h4 h6
9. Be3 Bxe3 10. fxe3 Nf6 11. Rg1 Qd7 12. Qd2 Nxg4 13. Bd5 Ne7 14. Bxb7 Rb8 15.
Bd5 Rxb2 16. Bb3 Nf6 17. O-O-O Rxb3 18. cxb3 O-O 19. Nh2 Qc6 20. Ng4 Nd7 21.
Kb1 Kh7 22. Rc1 Qa6 23. Rh1 f5 24. h5 fxg4 25. hxg6+ Nxg6 26. Rcg1 Nc5 27. d4
exd4 28. exd4 Qd3+ 29. Qxd3 Nxd3 30. Rxg4 Nf2 31. Rxg6 Kxg6 32. Rf1 Rf6 33. e5
dxe5 34. dxe5 Rf4 35. Nd1 Nd3 36. Rg1+ Kf7 37. e6+ Kf6 38. Ne3 Kxe6 39. Rxg7
Rf3 40. Nc4 Rf1+ 41. Kc2 Nb4+ 42. Kb2 Rf2+ 43. Ka3 c5 44. Rg6+ Kf5 45. Rxh6
Rxa2# {LorhoJade est échec et mat} 0-1

[Event "Champ FRA - Under 12"]
[Site "Europe Echecs"]
[Date "2020.07.08"]
[Round "9"]
[White "HiltonMarc"]
[Black "RobinLucien"]
[Result "1-0"]
[WhiteElo "1546"]
[BlackElo "1265"]
[PlyCount "61"]
[EventDate "2020.??.??"]

1. d4 c6 2. c4 d5 3. Nc3 Nf6 4. Nf3 dxc4 5. e4 b5 6. a4 Bd7 7. e5 Nd5 8. axb5
Nxc3 9. bxc3 cxb5 10. Rb1 a6 11. Be2 e6 12. O-O Be7 13. Nd2 Nc6 14. Bf3 O-O 15.
Ne4 f6 16. exf6 Bxf6 17. Re1 Be7 18. Qe2 Qc7 19. Bg5 Bxg5 20. Nxg5 Nd8 21. Bxa8
Qf4 22. Nf3 Nc6 23. Bxc6 Bxc6 24. Qe3 Qxe3 25. Rxe3 Bd5 26. Ne5 Ra8 27. Nd7 a5
28. Rxb5 a4 29. Rb8+ Rxb8 30. Nxb8 a3 31. Re1 {RobinLucien a abandonné} 1-0

[Event "Champ FRA - Under 12"]
[Site "Europe Echecs"]
[Date "2020.07.08"]
[Round "9"]
[White "LedouxHugo"]
[Black "EugeneNathael"]
[Result "0-1"]
[WhiteElo "1322"]
[BlackElo "1508"]
[PlyCount "152"]
[EventDate "2020.??.??"]

1. d4 Nf6 2. Nf3 g6 3. e3 Bg7 4. Be2 O-O 5. O-O d6 6. Nbd2 c5 7. b3 Nc6 8. Bb2
Qc7 9. c3 e5 10. d5 Nxd5 11. c4 Nf6 12. Qc2 h6 13. Ne4 Nxe4 14. Qxe4 Bf5 15.
Qd5 Nb4 16. Qd2 e4 17. Nh4 Bd7 18. Bxg7 Kxg7 19. f3 g5 20. fxe4 gxh4 21. Rf4
Qd8 22. Raf1 Nc6 23. Bg4 Ne5 24. Bxd7 Qxd7 25. Rxh4 Ng6 26. Rh3 Rae8 27. Rg3
Rxe4 28. Qb2+ Re5 29. Qf2 Qe6 30. Qb2 Kh7 31. Re1 Qf6 32. Rf3 Qg7 33. b4 Rfe8
34. Ref1 R5e7 35. Qb1 Kh8 36. bxc5 dxc5 37. a4 h5 38. Rh3 Qh6 39. Qb2+ Kg8 40.
Qf2 Qh7 41. Qf5 Re5 42. Qf2 R8e7 43. Qg3 Rxe3 44. Qb8+ Re8 45. Qxb7 Rxh3 46.
gxh3 Nh4 47. Kh1 Qe4+ 48. Qxe4 Rxe4 49. Rg1+ Kh7 50. Rc1 Re2 51. Rf1 Kg6 52.
Rg1+ Kf6 53. Rf1+ Ke7 54. Kg1 Rc2 55. Rf4 Ng6 56. Re4+ Kd7 57. Kf1 Rxh2 58. Kg1
Ra2 59. h4 Rxa4 60. Re2 Rxc4 61. Rd2+ Kc6 62. Ra2 Nxh4 63. Rxa7 Rf4 64. Ra6+
Kd5 65. Rh6 Rf5 66. Rh8 Nf3+ 67. Kg2 Ne1+ 68. Kg1 Nd3 69. Kg2 c4 70. Rd8+ Ke4
71. Re8+ Re5 72. Rf8 c3 73. Rxf7 c2 74. Ra7 c1=Q 75. Ra4+ Kf5 76. Rd4 Qb2+ {
LedouxHugo a abandonné} 0-1

[Event "Champ FRA - Under 12"]
[Site "Europe Echecs"]
[Date "2020.07.08"]
[Round "9"]
[White "IlinArtem"]
[Black "MorinRocheHugo"]
[Result "1-0"]
[WhiteElo "1504"]
[BlackElo "1231"]
[PlyCount "51"]
[EventDate "2020.??.??"]

1. e4 e5 2. Nf3 Nc6 3. Bb5 a6 4. Ba4 Nf6 5. O-O b5 6. Bb3 Be7 7. Nc3 Rg8 8. Ng5
Kf8 9. Nxf7 Qe8 10. d4 exd4 11. Nd5 Nxd5 12. Bxd5 Bf6 13. Qh5 Rb8 14. Qxh7 Ne7
15. Bb3 d5 16. exd5 g6 17. Bh6+ Bg7 18. d6 Nf5 19. d7 Bxd7 20. Bxg7+ Rxg7 21.
Qh8+ Rg8 22. Qxg8+ Kxg8 23. Nd6+ Kf8 24. Nxe8 c5 25. Nf6 Bc8 26. Bd5 {
MorinRocheHugo a abandonné} 1-0

[Event "Champ FRA - Under 12"]
[Site "Europe Echecs"]
[Date "2020.07.08"]
[Round "9"]
[White "PoulainEmilien"]
[Black "TouillerThibau"]
[Result "1-0"]
[WhiteElo "1322"]
[BlackElo "1504"]
[PlyCount "107"]
[EventDate "2020.??.??"]

1. d4 Nf6 2. Nf3 c5 3. c3 g6 4. e3 Bg7 5. Bd3 O-O 6. b3 Nc6 7. O-O b6 8. Bb2
Bb7 9. dxc5 bxc5 10. c4 d5 11. cxd5 Nxd5 12. Bxg7 Kxg7 13. Bc4 Ndb4 14. Qxd8
Rfxd8 15. Nc3 e5 16. Rad1 Rxd1 17. Rxd1 Rd8 18. Rxd8 Nxd8 19. Nxe5 Ne6 20. f4
Nc2 21. Kf2 g5 22. Bxe6 fxe6 23. fxg5 Ba6 24. Ne4 Nb4 25. Nxc5 Bc8 26. a3 Nc2
27. a4 Nb4 28. Ned3 Nd5 29. Kf3 Kg6 30. Nf4+ Kxg5 31. Nfxe6+ Bxe6 32. Nxe6+ Kf6
33. Nd4 Nb4 34. Ke4 h5 35. Nb5 a5 36. Kd4 Nc2+ 37. Kd3 Ne1+ 38. Kc4 Nxg2 39. e4
Ke5 40. Nc3 Ne3+ 41. Kb5 Ng4 42. h3 Nf2 43. h4 Nd3 44. Kxa5 Nf4 45. Kb6 Ng6 46.
a5 Nxh4 47. a6 Ng6 48. a7 h4 49. a8=Q h3 50. Qa2 Nf4 51. Qh2 Kd4 52. Qxf4 Kxc3
53. e5 h2 54. Qxh2 {TouillerThibau a abandonné} 1-0

[Event "Champ FRA - Under 12"]
[Site "Europe Echecs"]
[Date "2020.07.08"]
[Round "9"]
[White "ManukyanVahan"]
[Black "ZejliMehdi"]
[Result "1-0"]
[WhiteElo "1480"]
[BlackElo "1241"]
[PlyCount "73"]
[EventDate "2020.??.??"]

1. e4 e6 2. d4 d5 3. e5 c5 4. c3 Nc6 5. Nf3 Bd7 6. a3 Qb6 7. b4 cxd4 8. cxd4
Nge7 9. Nc3 Nf5 10. Na4 Qc7 11. Bb2 Be7 12. Rc1 Qd8 13. Nc5 Bxc5 14. dxc5 a5
15. b5 Nce7 16. Bd3 Ng6 17. c6 bxc6 18. bxc6 Bc8 19. c7 Qe7 20. a4 O-O 21. O-O
Ba6 22. Bxa6 Nfh4 23. Nxh4 Nxh4 24. c8=Q Raxc8 25. Bxc8 Qg5 26. g3 Ng6 27. Ba3
Rd8 28. f4 Nxf4 29. Rxf4 Qxe5 30. Qb3 d4 31. Qb6 Qe3+ 32. Kh1 Re8 33. Qb7 h6
34. Qxf7+ Kh7 35. Rg4 Rg8 36. Bxe6 Re8 37. Qxg7# {ZejliMehdi est échec et mat}
1-0

[Event "Champ FRA - Under 12"]
[Site "Europe Echecs"]
[Date "2020.07.08"]
[Round "9"]
[White "LangerKarele"]
[Black "GhazaryanGor"]
[Result "0-1"]
[WhiteElo "1282"]
[BlackElo "1431"]
[PlyCount "90"]
[EventDate "2020.??.??"]

1. d4 Nf6 2. c4 e6 3. Nc3 b6 4. Nf3 Bb7 5. Bg5 c5 6. d5 Be7 7. dxe6 fxe6 8. e3
Nc6 9. Be2 O-O 10. O-O h6 11. Bh4 Nh7 12. Bg3 Nf6 13. Qd3 Qe8 14. Bh4 Nb4 15.
Qb1 Ba6 16. a3 Nc6 17. Qd3 d5 18. Qc2 dxc4 19. Bxf6 Bxf6 20. Ne4 Rd8 21. Nxf6+
Rxf6 22. Bxc4 Bxc4 23. Qxc4 Rg6 24. Rad1 Rxd1 25. Rxd1 Qf7 26. Kh1 Qc7 27. Qd3
Rf6 28. Qd7 Qxd7 29. Rxd7 e5 30. Kg1 Kf8 31. Rd5 Re6 32. Kf1 Ke7 33. Ke2 Kf6
34. Kd3 e4+ 35. Ke2 exf3+ 36. Kxf3 Ke7 37. g3 Ne5+ 38. Kf4 g5+ 39. Kf5 Nc4 40.
h4 gxh4 41. gxh4 Rf6+ 42. Ke4 Nxb2 43. f4 Nc4 44. a4 Re6+ 45. Kf5 Nxe3# {
LangerKarele est échec et mat} 0-1

[Event "Champ FRA - Under 12"]
[Site "Europe Echecs"]
[Date "2020.07.08"]
[Round "9"]
[White "RajapAhmedAsif"]
[Black "GuillouPaul"]
[Result "0-1"]
[WhiteElo "1428"]
[BlackElo "1157"]
[PlyCount "42"]
[EventDate "2020.??.??"]

1. e4 c5 2. Nf3 Nc6 3. c3 e6 4. d4 cxd4 5. cxd4 d5 6. e5 Nge7 7. Bd2 Nf5 8. Bf4
Qb6 9. Nc3 Qxb2 10. Nb5 Bb4+ 11. Bd2 Bxd2+ 12. Nxd2 Nfxd4 13. Nxd4 Nxd4 14. Rb1
Qxa2 15. Bd3 Qa3 16. O-O Qxd3 17. Re1 O-O 18. Rb2 b6 19. Re3 Qg6 20. Rg3 Qf5
21. Re3 Ba6 {RajapAhmedAsif a abandonné} 0-1

[Event "Champ FRA - Under 12"]
[Site "Europe Echecs"]
[Date "2020.07.08"]
[Round "9"]
[White "LedjamAlbin"]
[Black "LovichiRaphael"]
[Result "1-0"]
[WhiteElo "1165"]
[BlackElo "1406"]
[PlyCount "137"]
[EventDate "2020.??.??"]

1. Nf3 c5 2. g3 e6 3. c4 d5 4. Bg2 Nc6 5. cxd5 exd5 6. O-O Nf6 7. e3 Be7 8. d4
Be6 9. Nc3 O-O 10. Ng5 h6 11. Nxe6 fxe6 12. Bh3 Qd7 13. Qc2 Bd6 14. dxc5 Bxc5
15. Rd1 Rae8 16. e4 Qd6 17. exd5 exd5 18. Bf4 Qe7 19. Nxd5 Nxd5 20. Rxd5 Nb4
21. Qxc5 Nxd5 22. Qxd5+ Kh8 23. Bd6 Qd8 24. Rd1 Rg8 25. Be6 Qb6 26. Bxg8 Rxg8
27. Bc5 Qxb2 28. Qb3 Qxb3 29. axb3 Rc8 30. Be3 Rc3 31. Bxa7 Rxb3 32. Rd7 g5 33.
Bd4+ Kg8 34. Bg7 h5 35. Bh6 g4 36. Rg7+ Kh8 37. Rg5 Rb1+ 38. Kg2 b5 39. Rxh5
Kg8 40. Rg5+ Kh7 41. Bf8 b4 42. Rxg4 b3 43. Rb4 b2 44. Kh3 Kg6 45. Bc5 Rc1 46.
Rxb2 Rxc5 47. Re2 Kg5 48. f4+ Kf5 49. Re5+ Rxe5 50. fxe5 Kxe5 51. Kg4 Kf6 52.
Kf4 Kg6 53. h4 Kh6 54. g4 Kg6 55. h5+ Kh6 56. Kf5 Kg7 57. g5 Kh7 58. g6+ Kg7
59. Ke6 Kg8 60. h6 Kh8 61. Kf6 Kg8 62. h7+ Kh8 63. g7+ Kxh7 64. Kf7 Kh6 65.
g8=Q Kh5 66. Kf6 Kh4 67. Kf5 Kh3 68. Qg1 Kh4 69. Qh2# {LovichiRaphael est
échec et mat} 1-0

[Event "Champ FRA - Under 12"]
[Site "Europe Echecs"]
[Date "2020.07.08"]
[Round "9"]
[White "RaykoAlexis"]
[Black "KechkekianChae"]
[Result "0-1"]
[WhiteElo "1214"]
[BlackElo "1366"]
[PlyCount "102"]
[EventDate "2020.??.??"]

1. e4 c5 2. Nf3 e6 3. c3 Nf6 4. Bd3 Qc7 5. Bc2 b6 6. O-O Bb7 7. Re1 Nc6 8. d4
cxd4 9. cxd4 d5 10. exd5 Nxd5 11. Nc3 Ncb4 12. Nxd5 Bxd5 13. Ba4+ Bc6 14. Bxc6+
Qxc6 15. Be3 Qc2 16. Qd2 Qxd2 17. Bxd2 Nc2 18. Rec1 Nxa1 19. Rxa1 Bd6 20. Rc1
Kd7 21. Ne5+ Bxe5 22. dxe5 Rac8 23. Rd1 Ke7 24. Bg5+ f6 25. exf6+ gxf6 26. Bd2
a5 27. h3 Rhd8 28. Kf1 Rc2 29. Ke1 Rxb2 30. a3 Ra2 31. Be3 Rxd1+ 32. Kxd1 Rxa3
33. Bxb6 Kd7 34. Ke2 Ra2+ 35. Kd3 a4 36. Kc3 a3 37. Bc5 Kc6 38. Kb3 Kxc5 39.
Kxa2 Kb4 40. f4 e5 41. g3 e4 42. Kb1 e3 43. f5 e2 44. Kc2 e1=Q 45. g4 a2 46. g5
a1=N+ 47. Kb2 Qc3+ 48. Kb1 Kb3 49. gxf6 h6 50. f7 h5 51. f8=Q Qb2# {
RaykoAlexis est échec et mat} 0-1

[Event "Champ FRA - Under 12"]
[Site "Europe Echecs"]
[Date "2020.07.08"]
[Round "9"]
[White "ChevillonManon"]
[Black "MekdachiMathie"]
[Result "1-0"]
[WhiteElo "1356"]
[BlackElo "999"]
[PlyCount "79"]
[EventDate "2020.??.??"]

1. e4 c6 2. d4 d5 3. Nc3 dxe4 4. Nxe4 Bf5 5. Nc3 Nf6 6. Be3 e6 7. Nf3 Qb6 8.
Rb1 Bb4 9. Be2 Nd5 10. O-O Bxc3 11. bxc3 Nxc3 12. Rxb6 Nxd1 13. Rxb7 Nc3 14.
Bd3 Bxd3 15. cxd3 Nxa2 16. Ne5 O-O 17. Bd2 Rd8 18. Rb2 f6 19. Nf3 e5 20. Rxa2
exd4 21. h3 c5 22. Rc1 Rc8 23. Nxd4 Nd7 24. Nf3 Nb6 25. Rac2 Nd7 26. d4 a5 27.
dxc5 a4 28. Be3 a3 29. Ra1 Ra5 30. Rca2 Nxc5 31. Bxc5 Rcxc5 32. Rxa3 Rxa3 33.
Rxa3 Rc1+ 34. Kh2 Rc2 35. Kg3 f5 36. Nd4 Rc5 37. Rf3 g6 38. Kh2 Kg7 39. g4 fxg4
40. Ne6+ {MekdachiMathie a abandonné} 1-0

[Event "Champ FRA - Under 12"]
[Site "Europe Echecs"]
[Date "2020.07.08"]
[Round "9"]
[White "KarushkovNguye"]
[Black "GuilloudRemi"]
[Result "0-1"]
[WhiteElo "1013"]
[BlackElo "1352"]
[PlyCount "68"]
[EventDate "2020.??.??"]

1. e4 c5 2. Nf3 a6 3. d4 cxd4 4. Nxd4 Nc6 5. Nc3 d6 6. Be3 e5 7. Nf3 Be6 8. Qd2
Be7 9. O-O-O Nf6 10. Be2 O-O 11. h3 Qc7 12. Rdg1 Rac8 13. g4 b5 14. g5 b4 15.
gxf6 bxc3 16. Rxg7+ Kh8 17. Qxc3 Bxf6 18. Rg3 Bxa2 19. b3 Nb4 20. Qxc7 Rxc7 21.
Bd1 Bxb3 22. Ne1 a5 23. Kb2 Be6 24. Rhg1 Rb8 25. Ka3 Rc3+ 26. Kb2 Nd5+ 27. Kc1
a4 28. exd5 Bxd5 29. Ba7 Rbc8 30. Kb2 a3+ 31. Ka1 e4 32. Rxc3 Bxc3+ 33. Kb1 a2+
34. Kc1 a1=Q# {KarushkovNguye est échec et mat} 0-1

[Event "Champ FRA - Under 12"]
[Site "Europe Echecs"]
[Date "2020.07.08"]
[Round "9"]
[White "BernardiAlexan"]
[Black "FolioPierre"]
[Result "0-1"]
[WhiteElo "999"]
[BlackElo "1349"]
[PlyCount "118"]
[EventDate "2020.??.??"]

1. e4 c5 2. Bc4 Nc6 3. Nf3 a6 4. Ng5 e6 5. Nf3 b5 6. Be2 Qb6 7. O-O Nf6 8. d3
d5 9. e5 Nd7 10. Bf4 h6 11. c3 g5 12. Bg3 Be7 13. h3 Qc7 14. d4 c4 15. Nbd2 Bb7
16. Qc2 O-O-O 17. b3 Rdf8 18. Qb2 Qd8 19. b4 f5 20. Bh2 h5 21. Rfe1 g4 22. Bd1
gxf3 23. Nxf3 Rfg8 24. Bc2 Qe8 25. Bg3 Qg6 26. h4 Qg4 27. Qc1 Rf8 28. Qf4 Rhg8
29. Qxg4 Rxg4 30. Bd1 f4 31. Nd2 fxg3 32. Bxg4 gxf2+ 33. Kf1 fxe1=Q+ 34. Kxe1
Bxh4+ 35. Ke2 Rf2+ 36. Ke3 Rxg2 37. Bxe6 Bg5+ 38. Kf3 Rxd2 39. Bxd5 Nxd4+ 40.
cxd4 Bxd5+ 41. Kg3 Rxd4 42. Rf1 c3 43. Rf2 Rd2 44. Rf3 c2 45. Rc3+ Kd8 46. Kh3
Rd3+ 47. Rxd3 c1=Q 48. Rxd5 Qh1+ 49. Kg3 Bh4+ 50. Kf4 Bg3+ 51. Kxg3 Qxd5 52. e6
Ke7 53. exd7 Kxd7 54. Kh4 Qg8 55. Kh3 Ke6 56. a4 Kf5 57. axb5 Kf4 58. Kh2 Kf3
59. bxa6 Qg2# {BernardiAlexan est échec et mat} 0-1

[Event "Champ FRA - Under 12"]
[Site "Europe Echecs"]
[Date "2020.07.08"]
[Round "9"]
[White "ParalieuMaxime"]
[Black "GresserHugo"]
[Result "1-0"]
[WhiteElo "1569"]
[BlackElo "1230"]
[PlyCount "45"]
[EventDate "2020.??.??"]

1. d4 d5 2. c4 dxc4 3. e3 Nf6 4. Bxc4 Bf5 5. Nf3 Nc6 6. Nc3 e6 7. O-O Bd6 8.
Qb3 b6 9. Bb5 Qd7 10. Qa4 O-O 11. Bxc6 Qe7 12. Bxa8 Rxa8 13. e4 Nxe4 14. Qc6
Rd8 15. Nxe4 Bxe4 16. Qxe4 c5 17. dxc5 bxc5 18. Be3 Qc7 19. Rac1 Rb8 20. b4
Rxb4 21. Qxb4 cxb4 22. Rxc7 Bxc7 23. Bxa7 {GresserHugo a abandonné} 1-0

[Event "Champ FRA - Under 12"]
[Site "Europe Echecs"]
[Date "2020.07.08"]
[Round "9"]
[White "SumarrivaPauliJ"]
[Black "MindeBaptiste"]
[Result "0-1"]
[WhiteElo "1394"]
[BlackElo "1210"]
[PlyCount "56"]
[EventDate "2020.??.??"]

1. e4 e6 2. d4 d5 3. e5 c5 4. c3 Qb6 5. Nf3 Nc6 6. Bd3 Bd7 7. Bc2 Nh6 8. Bxh6
Qxb2 9. Nbd2 gxh6 10. Rb1 Qxc3 11. dxc5 Nxe5 12. O-O Nxf3+ 13. Nxf3 Bc6 14. Rb3
Qxc5 15. Qb1 Bd6 16. Bxh7 O-O-O 17. Rc1 Qa5 18. Bd3 Rd7 19. Bb5 Rc7 20. Bxc6
Rxc6 21. Rxc6+ bxc6 22. Rb7 Bc7 23. Qb2 Rd8 24. h3 Qa6 25. Rb4 Kd7 26. Rh4 Rb8
27. Qg7 Rb1+ 28. Ne1 Rxe1# {SumarrivaPauliJ est échec et mat} 0-1

[Event "Champ FRA - Under 12"]
[Site "Europe Echecs"]
[Date "2020.07.08"]
[Round "9"]
[White "FamelDiane"]
[Black "HorenfeldMelvi"]
[Result "1-0"]
[WhiteElo "1366"]
[BlackElo "1200"]
[PlyCount "143"]
[EventDate "2020.??.??"]

1. e4 e6 2. d4 d5 3. e5 c5 4. Nf3 Nc6 5. Bd3 cxd4 6. O-O Bc5 7. Nbd2 Nge7 8.
Nb3 Bb6 9. Bf4 Ng6 10. Bg3 O-O 11. Re1 Bd7 12. Bxg6 fxg6 13. Nbxd4 Nxd4 14.
Nxd4 Rc8 15. Nf3 Bb5 16. c3 Qd7 17. a4 Bc4 18. b3 Ba6 19. a5 Bd8 20. Qc2 Be7
21. Rad1 Qe8 22. Nd4 Bb4 23. Ne2 Bxe2 24. Rxe2 Rxc3 25. Qa2 Qb5 26. h3 Qxa5 27.
Qb1 Qa3 28. Re3 Qxb3 29. Qxb3 Rxb3 30. Rxb3 Bc5 31. Rxb7 Bb6 32. Re7 a5 33.
Rxe6 Bc5 34. Ra6 Bb4 35. Rxd5 Rc8 36. Rd1 Kf7 37. e6+ Ke7 38. Bh4+ Ke8 39. Bg5
h6 40. Bd2 Ke7 41. Bxb4+ axb4 42. Rb1 Rb8 43. Ra4 b3 44. Ra3 b2 45. Ra2 Kxe6
46. Raxb2 Rd8 47. Re1+ Kf7 48. Rb7+ Kf6 49. Reb1 Rd6 50. R1b6 Rxb6 51. Rxb6+
Kf7 52. Kf1 g5 53. Ke2 Kg8 54. Kf3 Kh7 55. Kg4 g6 56. Rb7+ Kg8 57. Kf3 Kf8 58.
Ke4 h5 59. Ke5 h4 60. Kf6 Ke8 61. Kxg6 g4 62. hxg4 h3 63. gxh3 Kf8 64. h4 Ke8
65. Kf6 Kd8 66. Ke6 Kc8 67. Rh7 Kd8 68. Rg7 Kc8 69. Kd6 Kb8 70. Kc6 Ka8 71. Kb6
Kb8 72. Rg8# {HorenfeldMelvi est échec et mat} 1-0

[Event "Champ FRA - Under 12"]
[Site "Europe Echecs"]
[Date "2020.07.08"]
[Round "9"]
[White "MorlayeAlexand"]
[Black "SchutzBastien"]
[Result "0-1"]
[WhiteElo "1117"]
[BlackElo "1343"]
[PlyCount "86"]
[EventDate "2020.??.??"]

1. Nf3 d5 2. d4 Bf5 3. c4 c6 4. Nc3 e6 5. e3 Nf6 6. h3 Bd6 7. c5 Bc7 8. Bd3 Bg6
9. O-O Nbd7 10. a3 O-O 11. Re1 Re8 12. e4 dxe4 13. Nxe4 Nxe4 14. Bxe4 Bxe4 15.
Rxe4 Nf6 16. Re2 e5 17. Be3 exd4 18. Nxd4 Be5 19. Rb1 Bxd4 20. Bxd4 Rxe2 21.
Bxf6 Qxd1+ 22. Rxd1 gxf6 23. b4 Re7 24. g4 Rae8 25. Kg2 Kg7 26. Rd6 Re6 27. Rd4
Re5 28. f4 Re2+ 29. Kg3 R8e3+ 30. Kh4 Rh2 31. g5 Rhxh3+ 32. Kg4 fxg5 33. Kxg5
Reg3+ 34. Kf5 Rxa3 35. Rd7 b6 36. cxb6 axb6 37. Rb7 Rh5+ 38. Kg4 Rb5 39. Rc7
Rc3 40. Re7 Rxb4 41. Kg5 Rc5+ 42. f5 h6+ 43. Kh5 Rxf5# {MorlayeAlexand est
échec et mat} 0-1